[Event "36 Open Internacional Ciudad de San Seba"]
[Site "Donostia-San Sebastian"]
[Date "2013.03.26"]
[Round "5"]
[White "Oliveira, Maria Ines"]
[Black "Panelo, Marcelo"]
[Result "0-1"]
[WhiteElo "1957"]
[BlackElo "2429"]
[PlyCount "76"]
[EventDate "2013.03.23"]
[EventRounds "9"]
[EventCountry "ESP"]

1. e4 c5 2. Nf3 d6 3. d4 cxd4 4. Nxd4 Nf6 5. Nc3 a6 6. h3 e5 7. Nb3 h5 8. g3
Nbd7 9. Bg2 b5 10. Nd5 Nxd5 11. exd5 Be7 12. Be3 a5 13. a4 b4 14. Nd2 Ba6 15.
Bf1 Bxf1 16. Kxf1 Rc8 17. b3 Bg5 18. Nc4 Rxc4 19. Bxg5 Qxg5 20. bxc4 O-O 21.
Kg2 Rc8 22. h4 Qf5 23. Qd3 e4 24. Qe2 Ne5 25. Rhe1 Rxc4 26. Rad1 g6 27. Rc1 Qd7
28. Qe3 Nf3 29. Red1 Qxa4 30. Qb6 Qd7 31. Qxa5 Nxh4+ 32. gxh4 Qg4+ 33. Kf1 e3
34. Qd8+ Kg7 35. Re1 e2+ 36. Rxe2 Qh3+ 37. Ke1 Qh1+ 38. Kd2 Rd4+ {Ra1} 0-1

[Event "36 Open Internacional Ciudad de San Seba"]
[Site "Donostia-San Sebastian"]
[Date "2013.03.26"]
[Round "5"]
[White "Diaz Herrero, Alvaro"]
[Black "Tung, Siu Hung"]
[Result "1-0"]
[WhiteElo "2160"]
[BlackElo "1859"]
[PlyCount "73"]
[EventDate "2013.03.23"]
[EventRounds "9"]
[EventCountry "ESP"]

1. e4 d6 2. d4 e5 3. dxe5 dxe5 4. Qxd8+ Kxd8 5. Bc4 f6 6. Be3 c6 7. Nc3 Kc7 8.
O-O-O Nd7 9. f4 b5 10. Be2 Bc5 11. Rxd7+ Bxd7 12. Bxc5 exf4 13. h4 Nh6 14. Nh3
Bxh3 15. Rxh3 Nf7 16. a4 a6 17. a5 Kb7 18. Nd1 Ne5 19. Nf2 Rae8 20. b3 h5 21.
Bb4 Nd7 22. Bf3 Kc7 23. Bd2 Kd6 24. Bxf4+ Ke6 25. Nd3 c5 26. Kb2 Rc8 27. Rh1 g6
28. Rd1 Ne5 29. Nxe5 fxe5 30. Bg5 Rh7 31. Be2 Rhc7 32. g4 Rh7 33. gxh5 gxh5 34.
Bf1 Rcc7 35. Bh3+ Kf7 36. Rd8 c4 37. bxc4 1-0

[Event "36 Open Internacional Ciudad de San Seba"]
[Site "Donostia-San Sebastian"]
[Date "2013.03.26"]
[Round "5"]
[White "Savolainen, Lev P"]
[Black "Salgado Cea, Gorka"]
[Result "0-1"]
[WhiteElo "2107"]
[BlackElo "1855"]
[PlyCount "66"]
[EventDate "2013.03.23"]
[EventRounds "9"]
[EventCountry "ESP"]

1. d4 Nf6 2. c4 e6 3. Nc3 Bb4 4. Qc2 O-O 5. Bg5 h6 6. Bxf6 Qxf6 7. Nf3 Nc6 8.
e3 d5 9. cxd5 exd5 10. a3 Bf5 11. Qb3 Bxc3+ 12. Qxc3 Qd6 13. Rc1 Rac8 14. Be2
Ne7 15. O-O c6 16. Nd2 Bh7 17. f3 Rcd8 18. Nb3 Nf5 19. Rfe1 Rfe8 20. Bf1 Qg6
21. Qd2 Qg5 22. Rc3 Re7 23. g3 Rde8 24. Kf2 Nd6 25. Na5 Qf6 26. Kg2 g5 27. h3
h5 28. g4 hxg4 29. hxg4 Qh6 30. Qf2 Ne4 31. Qg1 Nxc3 32. bxc3 f5 33. Kf2 Qh4+
0-1

[Event "36 Open Internacional Ciudad de San Seba"]
[Site "Donostia-San Sebastian"]
[Date "2013.03.26"]
[Round "5"]
[White "Gonzalez Pereira, Asier"]
[Black "Picazo Gonzalez, Ana"]
[Result "1-0"]
[WhiteElo "2053"]
[BlackElo "1762"]
[PlyCount "59"]
[EventDate "2013.03.23"]
[EventRounds "9"]
[EventCountry "ESP"]

1. d4 e6 2. e3 d5 3. Bd3 c5 4. c3 Nf6 5. f4 Bd6 6. Nf3 b6 7. Nbd2 cxd4 8. cxd4
O-O 9. O-O Ba6 10. Bxa6 Nxa6 11. Ne5 Nc7 12. Qf3 Re8 13. g4 Nd7 14. g5 Bxe5 15.
dxe5 Qe7 16. e4 Nc5 17. exd5 Nxd5 18. Nc4 Nb7 19. b3 b5 20. Ba3 Qc7 21. Nd6
Qb6+ 22. Kh1 Red8 23. f5 Nxd6 24. fxe6 b4 25. exd6 fxe6 26. Qf7+ Kh8 27. Bb2
Nc3 28. Bxc3 bxc3 29. Qe7 Qxd6 30. Rf8+ 1-0

[Event "36 Open Internacional Ciudad de San Seba"]
[Site "Donostia-San Sebastian"]
[Date "2013.03.26"]
[Round "5"]
[White "Miguelez Garcia, Erlantz"]
[Black "Abalia Patino, Aritz"]
[Result "0-1"]
[WhiteElo "2033"]
[BlackElo "1658"]
[PlyCount "78"]
[EventDate "2013.03.23"]
[EventRounds "9"]
[EventCountry "ESP"]

1. d4 Nf6 2. c4 g6 3. Nc3 Bg7 4. e4 d6 5. Be2 O-O 6. Bg5 Nbd7 7. Nf3 e5 8. d5
a5 9. Nd2 Nc5 10. f3 Qd7 11. g4 c6 12. Qc2 Rb8 13. h4 cxd5 14. Bxf6 Bxf6 15.
Nxd5 Bg7 16. h5 Ne6 17. h6 Bh8 18. Nf1 b5 19. cxb5 Bb7 20. Nfe3 Bxd5 21. Nxd5
Nd4 22. Qa4 Rfc8 23. Nc3 d5 24. Nxd5 Rc2 25. Bd1 Rxb2 26. Qa3 Rg2 27. Kf1 Rd2
28. Ne7+ Kf8 29. Nxg6+ Kg8 30. Ne7+ Kf8 31. Nc6+ Kg8 32. Rh5 Nxc6 33. Rg5+ Bg7
34. Rxg7+ Kh8 35. bxc6 Qd4 36. Be2 Qxa1+ 37. Kf2 Qd4+ 38. Qe3 Rxe2+ 39. Kxe2
Rb2+ 0-1

[Event "36 Open Internacional Ciudad de San Seba"]
[Site "Donostia-San Sebastian"]
[Date "2013.03.26"]
[Round "5"]
[White "Arana Garate, Jon"]
[Black "Ferreruela Romero, Jose Joaqui"]
[Result "1-0"]
[WhiteElo "1857"]
[BlackElo "2022"]
[PlyCount "53"]
[EventDate "2013.03.23"]
[EventRounds "9"]
[EventCountry "ESP"]

1. d4 b6 2. Nf3 Bb7 3. g3 Bxf3 4. exf3 d5 5. Bg2 Nf6 6. O-O e6 7. f4 Nbd7 8.
Re1 g6 9. Nd2 Bg7 10. Nf3 O-O 11. Ne5 Qc8 12. b3 c5 13. Ba3 Rd8 14. Qe2 Ne4 15.
Bxe4 dxe4 16. Qxe4 Nf6 17. Qc6 Qa6 18. Nxf7 Kxf7 19. Qxe6+ Kf8 20. Bxc5+ bxc5
21. Qxa6 cxd4 22. Rad1 Rd7 23. Re6 Nd5 24. Rde1 Kf7 25. Rd6 Rad8 26. Rxd7+ Rxd7
27. Qe6+ 1-0

[Event "36 Open Internacional Ciudad de San Seba"]
[Site "Donostia-San Sebastian"]
[Date "2013.03.26"]
[Round "5"]
[White "Andres Gonzalez, Ivan"]
[Black "Arabiotorre Arbulu, Aitor"]
[Result "1-0"]
[WhiteElo "2331"]
[BlackElo "1896"]
[PlyCount "69"]
[EventDate "2013.03.23"]
[EventRounds "9"]
[EventCountry "ESP"]

1. e4 e5 2. Nf3 Nc6 3. d4 exd4 4. Bc4 d6 5. Nxd4 Nxd4 6. Qxd4 Qf6 7. Qd3 Ne7 8.
Nc3 a6 9. Be3 Be6 10. O-O Nc6 11. Nd5 Bxd5 12. Bxd5 Nb4 13. Qb3 Nxd5 14. Qxb7
Nxe3 15. Qxa8+ Qd8 16. Qxd8+ Kxd8 17. fxe3 f6 18. Rf5 c5 19. a3 Kc7 20. b4 Be7
21. Kf2 g6 22. Rd5 Kc6 23. g4 h5 24. gxh5 f5 25. hxg6 fxe4 26. c4 Rxh2+ 27. Kg3
Rh6 28. Kf4 Rxg6 29. Kxe4 Rg4+ 30. Kd3 Bf6 31. Rf1 Bb2 32. bxc5 dxc5 33. Rff5
Bxa3 34. Rf6+ Kc7 35. Rxa6 1-0

[Event "36 Open Internacional Ciudad de San Seba"]
[Site "Donostia-San Sebastian"]
[Date "2013.03.26"]
[Round "5"]
[White "Troffiguer, Olivier"]
[Black "Martin-Consuegra Barrilero, Ja"]
[Result "1/2-1/2"]
[WhiteElo "2119"]
[BlackElo "1886"]
[PlyCount "117"]
[EventDate "2013.03.23"]
[EventRounds "9"]
[EventCountry "ESP"]

1. d4 d6 2. c4 e5 3. d5 f5 4. Nc3 Nf6 5. f3 Be7 6. Nh3 c6 7. Nf2 Na6 8. e4 fxe4
9. fxe4 O-O 10. Be3 Nc7 11. Be2 cxd5 12. cxd5 Bd7 13. a4 Qb8 14. a5 Na6 15. O-O
Bd8 16. Ra3 Qc7 17. Qd2 Be8 18. Rc1 Qf7 19. Nh3 h6 20. Rf1 Qg6 21. Rf3 Nh5 22.
Rxf8+ Kxf8 23. Bxh5 Qxh5 24. Qf2+ Qf7 25. Bxa7 Qxf2+ 26. Bxf2 Nb4 27. Bb6 Bxb6+
28. axb6 Ra6 29. Rxa6 Nxa6 30. Nf2 Nb4 31. Kf1 Nc2 32. Ke2 Nd4+ 33. Kd3 Ke7 34.
Ng4 Bd7 35. Ne3 h5 36. Nc4 g5 37. Na5 Bc8 38. Ne2 Nxe2 39. Kxe2 Kf6 40. b4 Kf7
41. g3 Ke8 42. h4 gxh4 43. gxh4 Kd8 44. Kd3 Kd7 45. Nc4 Ke7 46. Ne3 Kf6 47. Ke2
Bd7 48. Kf3 Bc8 49. Nc4 Ke7 50. Kg3 Bd7 51. Nd2 Bg4 52. Nf3 Kf6 53. Ng5 Bd7 54.
Kf2 Bg4 55. Ke3 Ke7 56. Kd3 Kf6 57. Ke3 Ke7 58. Nf3 Bxf3 59. Kxf3 1/2-1/2

[Event "36 Open Internacional Ciudad de San Seba"]
[Site "Donostia-San Sebastian"]
[Date "2013.03.26"]
[Round "5"]
[White "Thomassen, Thomas"]
[Black "Rodriguez Rodriguez, Luis J"]
[Result "1-0"]
[WhiteElo "2080"]
[BlackElo "1881"]
[PlyCount "79"]
[EventDate "2013.03.23"]
[EventRounds "9"]
[EventCountry "ESP"]

1. c4 e5 2. g3 Nf6 3. Bg2 c6 4. d4 exd4 5. Qxd4 d5 6. Nf3 Be7 7. O-O dxc4 8.
Qxc4 Be6 9. Qc2 O-O 10. Nc3 Nbd7 11. Nd4 Bg4 12. Rd1 Qa5 13. h3 Bh5 14. Kh2
Rad8 15. f4 h6 16. Be3 Rfe8 17. Bf2 Bg6 18. e4 Bb4 19. f5 Bh7 20. Nce2 Bd6 21.
Nxc6 Bxg3+ 22. Nxg3 bxc6 23. Qxc6 Rc8 24. Qb7 Rb8 25. Qxa7 Qxa7 26. Bxa7 Rxb2
27. Bd4 Rc2 28. a4 Nxe4 29. Re1 Ndf6 30. Bxf6 Nxf6 31. Rxe8+ Nxe8 32. a5 Nd6
33. a6 Nb5 34. Rb1 Kf8 35. Rxb5 Ra2 36. Rb8+ Ke7 37. Rb7+ Kf6 38. a7 Bxf5 39.
Nxf5 Kxf5 40. Rb5+ 1-0

[Event "36 Open Internacional Ciudad de San Seba"]
[Site "Donostia-San Sebastian"]
[Date "2013.03.26"]
[Round "5"]
[White "Fuente San Sebastian, Ernesto"]
[Black "Ortega Lopez, Mikel"]
[Result "1/2-1/2"]
[WhiteElo "1838"]
[BlackElo "2016"]
[PlyCount "57"]
[EventDate "2013.03.23"]
[EventRounds "9"]
[EventCountry "ESP"]

1. c4 e6 2. g3 Nf6 3. Nc3 Be7 4. Bg2 O-O 5. d4 d6 6. e4 Nbd7 7. Nf3 c6 8. O-O
Qc7 9. b4 e5 10. Qd3 a6 11. a4 exd4 12. Nxd4 Ne5 13. Qe2 Qb6 14. Rd1 Qxb4 15.
Qc2 Nxc4 16. Rb1 Qa5 17. Nce2 Ne5 18. f4 Ng6 19. f5 Ne5 20. Nf4 Nfd7 21. Ba3
Re8 22. Bb4 Qd8 23. Nfe6 fxe6 24. Nxe6 Qb6+ 25. Bc5 Qa5 26. Bb4 Qb6+ 27. Bc5
Qa5 28. Bb4 Qb6+ 29. Bc5 1/2-1/2

[Event "36 Open Internacional Ciudad de San Seba"]
[Site "Donostia-San Sebastian"]
[Date "2013.03.26"]
[Round "5"]
[White "Picazo Gonzalez, Alejandro"]
[Black "Pardo Vaquero, Ignacio"]
[Result "1-0"]
[WhiteElo "1993"]
[BlackElo "1759"]
[PlyCount "95"]
[EventDate "2013.03.23"]
[EventRounds "9"]
[EventCountry "ESP"]

1. e4 d6 2. d4 Nf6 3. Bd3 c5 4. c3 Nc6 5. Nf3 e5 6. dxe5 dxe5 7. O-O Qc7 8. Qe2
Bd6 9. a4 O-O 10. Na3 a6 11. Nc4 Be6 12. Rd1 Rfd8 13. Bg5 Be7 14. Bxf6 Bxf6 15.
Ne3 Ne7 16. Bc4 Qc6 17. Bxe6 Qxe6 18. Qc4 Qxc4 19. Nxc4 Nc6 20. Nb6 Rxd1+ 21.
Rxd1 Re8 22. Rd7 Re7 23. Kf1 Kf8 24. Ke2 Ke8 25. Rd5 Rc7 26. Nc4 Ne7 27. Rd3
Nc6 28. Nfd2 Be7 29. Nb6 Na5 30. Ndc4 Nxc4 31. Nxc4 f6 32. a5 Rd7 33. Nb6 Rc7
34. b3 Bd8 35. Rd5 Be7 36. Kd3 Rc6 37. Kc4 Bd8 38. Rxc5 Rxc5+ 39. Kxc5 Be7+ 40.
Kd5 Kd8 41. b4 Ke8 42. Ke6 Bd8 43. Nd5 h6 44. g3 h5 45. h4 g5 46. Nxf6+ Bxf6
47. Kxf6 gxh4 48. gxh4 1-0

[Event "36 Open Internacional Ciudad de San Seba"]
[Site "Donostia-San Sebastian"]
[Date "2013.03.26"]
[Round "5"]
[White "Darrigues, Alain"]
[Black "Gagarin, Vasily"]
[Result "0-1"]
[WhiteElo "1991"]
[BlackElo "1838"]
[PlyCount "68"]
[EventDate "2013.03.23"]
[EventRounds "9"]
[EventCountry "ESP"]

1. d4 Nf6 2. c4 e6 3. Nc3 Bb4 4. e3 c5 5. Bd3 Nc6 6. Nf3 Bxc3+ 7. bxc3 d6 8.
O-O e5 9. Ng5 O-O 10. Bb2 h6 11. Ne4 Nxe4 12. Bxe4 f5 13. Bd5+ Kh8 14. f4 e4
15. dxc5 dxc5 16. Bxc6 bxc6 17. Qxd8 Rxd8 18. Ba3 Be6 19. Rfd1 Bxc4 20. Bxc5
Bd3 21. Rd2 Rdb8 22. Bd6 Rb7 23. a3 Rd8 24. Be5 Kg8 25. Raa2 Rb1+ 26. Kf2 Rf1+
27. Kg3 Re8 28. Rab2 Re6 29. h3 Rh1 30. Kh4 Rg6 31. Rb7 Kh7 32. Rdb2 Rg4+ 33.
Kh5 Rxg2 34. Kh4 Rg4+ 0-1

[Event "36 Open Internacional Ciudad de San Seba"]
[Site "Donostia-San Sebastian"]
[Date "2013.03.26"]
[Round "5"]
[White "Martikorena Endara, Patxi"]
[Black "Pashkov, Vladimir M"]
[Result "1-0"]
[WhiteElo "1635"]
[BlackElo "1923"]
[PlyCount "91"]
[EventDate "2013.03.23"]
[EventRounds "9"]
[EventCountry "ESP"]

1. e4 c5 2. Nf3 Nc6 3. d4 cxd4 4. Nxd4 e5 5. Nb5 d6 6. Bc4 Nf6 7. N1c3 a6 8.
Na3 b5 9. Bd5 Bb7 10. Ne2 Nxd5 11. Qxd5 Qc7 12. Qd1 b4 13. Nc4 Nd4 14. Qd3 Rc8
15. b3 d5 16. exd5 Bxd5 17. Nxd4 exd4 18. O-O Bxc4 19. bxc4 Qxc4 20. Re1+ Be7
21. Bg5 f6 22. Qe4 Qc5 23. Bf4 Rd8 24. Re2 Rf8 25. Rae1 Rd7 26. Qxh7 Kf7 27.
Qh3 Qd5 28. Qh7 f5 29. Qh5+ Kg8 30. Rxe7 Rxe7 31. Rxe7 Qxa2 32. h3 Qa1+ 33. Kh2
d3 34. Be5 Qxe5+ 35. Rxe5 dxc2 36. Qg5 b3 37. Re7 Rf7 38. Rxf7 Kxf7 39. Qxf5+
Ke8 40. Qe5+ Kf8 41. Qb2 Ke7 42. Kg3 Kd6 43. Kf4 Kc5 44. Ke4 a5 45. Qc3+ Kb5
46. Qxb3+ 1-0

[Event "36 Open Internacional Ciudad de San Seba"]
[Site "Donostia-San Sebastian"]
[Date "2013.03.26"]
[Round "5"]
[White "Peteiro Osta, Luis Angel"]
[Black "Rodsmoen, Maud"]
[Result "1-0"]
[WhiteElo "1914"]
[BlackElo "1750"]
[PlyCount "107"]
[EventDate "2013.03.23"]
[EventRounds "9"]
[EventCountry "ESP"]

1. e4 c5 2. Nf3 e6 3. c3 d5 4. exd5 exd5 5. d4 Nf6 6. Nbd2 Nc6 7. dxc5 Bxc5 8.
Be2 O-O 9. O-O Re8 10. Nb3 Bb6 11. Re1 Ne4 12. Nfd4 Qf6 13. Be3 Bc7 14. Bf3 Qh4
15. g3 Qf6 16. Bg2 a6 17. Nxc6 bxc6 18. Bd4 Qg6 19. f3 Nd6 20. Rxe8+ Nxe8 21.
Qe2 Nd6 22. Nc5 Bd8 23. Re1 h6 24. Bf1 Bf6 25. Bf2 Bf5 26. Nxa6 Nc4 27. Nb4 Bd7
28. a3 Re8 29. Qxe8+ Bxe8 30. Rxe8+ Kh7 31. Bd3 Nxb2 32. Bxg6+ Kxg6 33. Bd4
Bxd4+ 34. cxd4 Nc4 35. a4 Nd6 36. Rd8 Nf5 37. Nxc6 Ne3 38. a5 Kf6 39. a6 Nc4
40. a7 Nb6 41. a8=Q Nxa8 42. Rxa8 h5 43. Rd8 h4 44. Rxd5 hxg3 45. hxg3 Ke6 46.
Rd8 f5 47. Rg8 Kd5 48. Ne7+ Kxd4 49. Nxf5+ Ke5 50. Rxg7 Kxf5 51. Kf2 Kf6 52.
Ra7 Kf5 53. Ke3 Ke5 54. g4 1-0

[Event "36 Open Internacional Ciudad de San Seba"]
[Site "Donostia-San Sebastian"]
[Date "2013.03.27"]
[Round "6"]
[White "Rebole Arbea, Jose Ignacio"]
[Black "Vazquez Igarza, Renier"]
[Result "0-1"]
[WhiteElo "2183"]
[BlackElo "2557"]
[PlyCount "54"]
[EventDate "2013.03.23"]
[EventRounds "9"]
[EventCountry "ESP"]

1. d4 Nf6 2. Nf3 g6 3. g3 Bg7 4. Bg2 O-O 5. c4 d5 6. O-O dxc4 7. Ne5 Nc6 8.
Nxc6 bxc6 9. Na3 Be6 10. Bxc6 Rb8 11. Qa4 Qxd4 12. Be3 Qxb2 13. Nxc4 Qxe2 14.
Rac1 Nd5 15. Rfe1 Qg4 16. Qxa7 Nc3 17. Nd2 Ne2+ 18. Rxe2 Qxe2 19. a4 Rb2 20.
Bf3 Qd3 21. Be4 Qd8 22. Nf3 Bd5 23. Bxd5 Qxd5 24. Kg2 Ra2 25. Qxc7 e5 26. Rc5
Qe4 27. Rc3 Rxa4 0-1

[Event "36 Open Internacional Ciudad de San Seba"]
[Site "Donostia-San Sebastian"]
[Date "2013.03.27"]
[Round "6"]
[White "Alonso Rosell, Alvar"]
[Black "Favarel, Antoine"]
[Result "1-0"]
[WhiteElo "2552"]
[BlackElo "2350"]
[PlyCount "61"]
[EventDate "2013.03.23"]
[EventRounds "9"]
[EventCountry "ESP"]

1. d4 Nf6 2. Nf3 d5 3. c4 e6 4. g3 dxc4 5. Bg2 Nc6 6. O-O a6 7. Bg5 Be7 8. e3
h6 9. Bxf6 Bxf6 10. Nbd2 e5 11. d5 Ne7 12. Nxc4 Qxd5 13. Qxd5 Nxd5 14. Nfxe5
Be6 15. f4 Bxe5 16. Nxe5 Nxe3 17. Bxb7 Nxf1 18. Bxa8 Ke7 19. Bb7 Ne3 20. Rc1
Kf6 21. Kf2 Nd5 22. b3 g5 23. Bxd5 Bxd5 24. Ng4+ Kg7 25. Rxc7 gxf4 26. gxf4 Rd8
27. Ke3 Rd6 28. Ne5 Be6 29. f5 Kf6 30. fxe6 Rxe6 31. Ke4 1-0

[Event "36 Open Internacional Ciudad de San Seba"]
[Site "Donostia-San Sebastian"]
[Date "2013.03.27"]
[Round "6"]
[White "Andres Gonzalez, Alberto"]
[Black "Sanz Rodero, Mikel"]
[Result "1-0"]
[WhiteElo "2542"]
[BlackElo "2110"]
[PlyCount "39"]
[EventDate "2013.03.23"]
[EventRounds "9"]
[EventCountry "ESP"]

1. Nf3 Nf6 2. g3 d5 3. Bg2 c6 4. O-O Bf5 5. d3 e6 6. c4 Nbd7 7. Be3 Ng4 8. Bf4
Qb6 9. cxd5 cxd5 10. Nc3 Ngf6 11. e4 Bg4 12. exd5 e5 13. Re1 O-O-O 14. Rc1 Kb8
15. Nxe5 Nxe5 16. Bxe5+ Bd6 17. Qd2 h5 18. h4 Bf5 19. Bxd6+ Qxd6 20. Nb5 1-0

[Event "36 Open Internacional Ciudad de San Seba"]
[Site "Donostia-San Sebastian"]
[Date "2013.03.27"]
[Round "6"]
[White "Osmolny, Vladimir I"]
[Black "Gonzalez Perez, Arian"]
[Result "1-0"]
[WhiteElo "2180"]
[BlackElo "2454"]
[PlyCount "99"]
[EventDate "2013.03.23"]
[EventRounds "9"]
[EventCountry "ESP"]

1. d4 Nf6 2. c4 g6 3. Nc3 Bg7 4. e4 O-O 5. Be3 d6 6. f3 Nbd7 7. Qd2 c5 8. Nge2
a6 9. h4 cxd4 10. Nxd4 h5 11. Bh6 Ne5 12. Bxg7 Kxg7 13. Be2 Bd7 14. Rc1 Qb6 15.
g3 Rfc8 16. b3 Qc5 17. Kf1 b5 18. cxb5 axb5 19. Kg2 Qb4 20. Rc2 Rc5 21. Ncxb5
Qxd2 22. Rxd2 d5 23. exd5 Nxd5 24. a4 Nc6 25. Nxc6 Bxc6 26. Kf2 Rb8 27. Bc4 Nb6
28. Rc1 Bxb5 29. axb5 Nxc4 30. bxc4 Rbxb5 31. cxb5 Rxc1 32. Rb2 Kf6 33. b6 Rc8
34. Ke3 Ke5 35. g4 hxg4 36. Rb5+ Kd6 37. b7 Rb8 38. fxg4 f6 39. h5 gxh5 40.
gxh5 Ke6 41. Kd4 f5 42. Kc5 f4 43. Kc6 Kf6 44. Kc7 Rh8 45. b8=Q Rxb8 46. Rxb8
e5 47. h6 Kg6 48. Kd6 e4 49. Rb4 Kxh6 50. Ke5 1-0

[Event "36 Open Internacional Ciudad de San Seba"]
[Site "Donostia-San Sebastian"]
[Date "2013.03.27"]
[Round "6"]
[White "Pogorelov, Ruslan"]
[Black "Velten, Paul"]
[Result "0-1"]
[WhiteElo "2403"]
[BlackElo "2385"]
[PlyCount "144"]
[EventDate "2013.03.23"]
[EventRounds "9"]
[EventCountry "ESP"]

1. c4 e5 2. g3 Nf6 3. Bg2 Bc5 4. Nc3 O-O 5. e3 Nc6 6. a3 d6 7. b4 Bb6 8. Nge2
a5 9. b5 Ne7 10. O-O Be6 11. Bxb7 Rb8 12. Bg2 Bxc4 13. d3 Be6 14. d4 Qc8 15.
dxe5 dxe5 16. Qc2 Bh3 17. Ne4 Nxe4 18. Qxe4 Ng6 19. Nc3 Bxg2 20. Kxg2 Kh8 21.
Nd5 c6 22. Nxb6 Rxb6 23. bxc6 Rxc6 24. Bd2 Rc4 25. Qf3 e4 26. Qe2 Rc2 27. Rfc1
Rd8 28. h3 h6 29. Qe1 a4 30. Bc3 Rxc1 31. Rxc1 Qf5 32. Qe2 Rc8 33. Qb2 Kh7 34.
Bd4 Rxc1 35. Qxc1 Qf3+ 36. Kg1 Nf8 37. Qf1 Ne6 38. Be5 Qf5 39. Bc3 Ng5 40. Kh2
h5 41. h4 Nf3+ 42. Kg2 g5 43. hxg5 Nxg5 44. Qh1 Qf3+ 45. Kg1 Qxh1+ 46. Kxh1 Kg6
47. Kg2 Kf5 48. Bb4 Ke6 49. Bc3 Kd5 50. Bf6 Nf3 51. Kh3 Ke6 52. Bc3 f5 53. Bb4
Kd5 54. Bf8 Kc4 55. Be7 Kd3 56. Bb4 Ke2 57. Kg2 Ne5 58. Bd6 Nd3 59. Kh3 Nxf2+
60. Kh4 Nd1 61. Kxh5 Nxe3 62. Kg5 Kf3 63. Bc5 Nc2 64. Kxf5 e3 65. Bb6 e2 66.
Ba5 Nxa3 67. g4 Nc4 68. Bc3 Ne3+ 69. Ke5 Nxg4+ 70. Kd4 a3 71. Kd3 a2 72. Kd2
Kf2 0-1

[Event "36 Open Internacional Ciudad de San Seba"]
[Site "Donostia-San Sebastian"]
[Date "2013.03.27"]
[Round "6"]
[White "Etxagibel Larranaga, Asier"]
[Black "Guerra Bastida, Diego"]
[Result "0-1"]
[WhiteElo "2110"]
[BlackElo "2401"]
[PlyCount "64"]
[EventDate "2013.03.23"]
[EventRounds "9"]
[EventCountry "ESP"]

1. e4 d6 2. d4 Nf6 3. Bd3 e5 4. dxe5 dxe5 5. Nf3 Nbd7 6. O-O g6 7. b3 Bg7 8.
Ba3 c5 9. Nbd2 O-O 10. Qe2 Nh5 11. g3 Qe7 12. Rad1 b6 13. Bb5 Nb8 14. Nc4 a6
15. Nxb6 axb5 16. Nxa8 b4 17. Nb6 Ba6 18. c4 bxa3 19. Nd5 Qa7 20. Ne1 Nc6 21.
Nc2 Nd4 22. Qd3 Bc8 23. Nxd4 exd4 24. f4 Nf6 25. Rfe1 Nxd5 26. cxd5 Ba6 27. Qd2
c4 28. bxc4 Bxc4 29. Rc1 d3+ 30. Kh1 Qd4 31. Rxc4 Qxc4 32. Re3 Rb8 0-1

[Event "36 Open Internacional Ciudad de San Seba"]
[Site "Donostia-San Sebastian"]
[Date "2013.03.27"]
[Round "6"]
[White "Thomassen, Joachim"]
[Black "Gagarin, Vasilij"]
[Result "1-0"]
[WhiteElo "2394"]
[BlackElo "2321"]
[PlyCount "105"]
[EventDate "2013.03.23"]
[EventRounds "9"]
[EventCountry "ESP"]

1. e4 e5 2. Nf3 Nc6 3. Bb5 a6 4. Ba4 Nge7 5. O-O g6 6. d4 exd4 7. Bg5 Bg7 8. c3
h6 9. Bh4 g5 10. Bg3 b5 11. Bb3 dxc3 12. Nxc3 d6 13. h4 g4 14. Nh2 h5 15. f3
Nd4 16. fxg4 Nxb3 17. axb3 hxg4 18. Nxg4 Be6 19. Nd5 Nc6 20. Rc1 Bd4+ 21. Rf2
Bxd5 22. exd5 Bxf2+ 23. Bxf2 Ne5 24. Nxe5 dxe5 25. Qf3 Rh6 26. Qe4 Kf8 27. Qxe5
Rc8 28. Bc5+ Kg8 29. Bd4 Qf8 30. Rc3 f6 31. Qe6+ Kh7 32. d6 c6 33. d7 Rd8 34.
Rxc6 f5 35. Bf6 Rxf6 36. Qxf6 Qxf6 37. Rxf6 Rxd7 38. Rxf5 Rd3 39. Rf6 Rxb3 40.
Rxa6 Rxb2 41. Rb6 Rb4 42. h5 Rb1+ 43. Kh2 b4 44. Kg3 b3 45. Kg4 b2 46. Kg5 Kg7
47. Rb7+ Kf8 48. Kg6 Ke8 49. h6 Rc1 50. Rxb2 Rc6+ 51. Kg7 Rc7+ 52. Kg8 Rc4 53.
Rb7 1-0

[Event "36 Open Internacional Ciudad de San Seba"]
[Site "Donostia-San Sebastian"]
[Date "2013.03.27"]
[Round "6"]
[White "Gonzalez Pereira, Asier"]
[Black "Narciso Dublan, Marc"]
[Result "0-1"]
[WhiteElo "2053"]
[BlackElo "2551"]
[PlyCount "52"]
[EventDate "2013.03.23"]
[EventRounds "9"]
[EventCountry "ESP"]

1. e4 e6 2. d4 d5 3. Nc3 Nf6 4. Bg5 Be7 5. e5 Ng8 6. Be3 b6 7. Qg4 g6 8. h4 h5
9. Qg3 Ba6 10. Bxa6 Nxa6 11. Nge2 Qd7 12. O-O-O O-O-O 13. Qf3 Nh6 14. Bxh6 Rxh6
15. Qd3 Kb7 16. Kb1 c6 17. Rh3 Nc7 18. Rdh1 Rh7 19. Qd2 c5 20. dxc5 bxc5 21.
Nd1 Na8 22. Rb3+ Nb6 23. Qa5 c4 24. Rb5 Qc7 25. Nd4 a6 26. Rb4 Qc5 0-1

[Event "36 Open Internacional Ciudad de San Seba"]
[Site "Donostia-San Sebastian"]
[Date "2013.03.27"]
[Round "6"]
[White "Moreno Ruiz, Javier"]
[Black "Ruiz Escobar, Rafael"]
[Result "1-0"]
[WhiteElo "2495"]
[BlackElo "1932"]
[PlyCount "59"]
[EventDate "2013.03.23"]
[EventRounds "9"]
[EventCountry "ESP"]

1. d4 d5 2. c4 dxc4 3. e3 c5 4. Bxc4 cxd4 5. exd4 e6 6. Nf3 a6 7. O-O Nf6 8.
Nc3 Be7 9. Re1 O-O 10. Qe2 Nc6 11. Be3 b5 12. Bb3 Nb4 13. Bg5 Bb7 14. Rad1 Nbd5
15. Ne5 Rc8 16. Rd3 h6 17. Bd2 Nxc3 18. bxc3 Nd5 19. Qg4 Bg5 20. f4 f5 21. Qe2
Bh4 22. Rf1 Qe8 23. Rh3 Bd8 24. Re1 Kh7 25. Nf3 Nxc3 26. Bxc3 Rxc3 27. Ng5+ Kh8
28. Rxc3 Ba5 29. Rh3 Bxe1 30. Rxh6+ 1-0

[Event "36 Open Internacional Ciudad de San Seba"]
[Site "Donostia-San Sebastian"]
[Date "2013.03.27"]
[Round "6"]
[White "Salgado Cea, Gorka"]
[Black "Bas Mas, Jose Joaquin"]
[Result "0-1"]
[WhiteElo "1855"]
[BlackElo "2258"]
[PlyCount "68"]
[EventDate "2013.03.23"]
[EventRounds "9"]
[EventCountry "ESP"]

1. e4 e6 2. d4 d5 3. exd5 exd5 4. Nf3 Bd6 5. Bd3 Nc6 6. c3 Nge7 7. Bg5 Bg4 8.
Nbd2 Qd7 9. O-O O-O-O 10. Qc2 f6 11. Bh4 g5 12. Bg3 h5 13. b4 h4 14. Bxd6 Qxd6
15. a4 Rdg8 16. Rfb1 Bd7 17. Nf1 g4 18. Ne1 g3 19. fxg3 hxg3 20. Nxg3 f5 21. a5
f4 22. Nf5 Qf6 23. Nxe7+ Nxe7 24. Qf2 Qh6 25. h4 Rg3 26. Kf1 Qxh4 27. Nf3 Qg4
28. Be2 Nf5 29. Ng1 Qh4 30. Bf3 Ne3+ 31. Ke1 Nxg2+ 32. Kd2 Ne3 33. Re1 Bb5 34.
Ne2 Qh7 0-1

[Event "36 Open Internacional Ciudad de San Seba"]
[Site "Donostia-San Sebastian"]
[Date "2013.03.27"]
[Round "6"]
[White "Abalia Patino, Aritz"]
[Black "Diaz Herrero, Alvaro"]
[Result "1/2-1/2"]
[WhiteElo "1658"]
[BlackElo "2160"]
[PlyCount "86"]
[EventDate "2013.03.23"]
[EventRounds "9"]
[EventCountry "ESP"]

1. e4 c5 2. Nf3 d6 3. d4 Nf6 4. Nc3 cxd4 5. Nxd4 g6 6. Be2 Bg7 7. Be3 O-O 8.
O-O Nc6 9. Nb3 Be6 10. f4 Rc8 11. Bf3 a6 12. Rc1 b5 13. h3 Nd7 14. Nd4 Nxd4 15.
Bxd4 Bxd4+ 16. Qxd4 Qb6 17. Rfd1 Rc7 18. f5 Bc4 19. b3 b4 20. Na4 Qa5 21. c3
Rb8 22. cxb4 Rxb4 23. Qc3 Rxa4 24. bxa4 Qb6+ 25. Kh1 Rc5 26. Rb1 Qc7 27. Qd2
Ne5 28. Be2 Kg7 29. Bxc4 Rxc4 30. Rdc1 Rxc1+ 31. Rxc1 Qd7 32. fxg6 hxg6 33. Qa5
Qb7 34. Qd5 Qb4 35. a5 e6 36. Qd1 Qxe4 37. Qxd6 Nd3 38. Rf1 Qe2 39. Kg1 Qe3+
40. Kh1 Qe2 41. Kg1 Qe3+ 42. Kh1 Qe2 43. Kg1 Qe3+ 1/2-1/2